00799cam a22002175a 450000100090000000300120000900500170002100800410003801000170007902000180009604000180011404200080013208200210014010000250016124501590018626000330034526300090037830000110038785600910039885600920048917534702Nust- CAS-E20180118181401.0121119s2012 nyu 000 0 eng  a 2012954271 a9781461458296 aDLCcDLCdDLC apcc a621.31bBEG 20121 aBegovic, Miroslav M.10aElectrical transmission systems and smart grids :bselected entries from the encyclopedia of sustainability science and technology /cMiroslav M. Begovic. aNew York :bSpringer,c2012. a1211 ap. cm.423Publisher descriptionuhttp://www.loc.gov/catdir/enhancements/fy1313/2012954271-d.html413Table of contents onlyuhttp://www.loc.gov/catdir/enhancements/fy1313/2012954271-t.html